[Event "Women's Speed Chess Q6"]
[Site "chess.com INT"]
[Date "2021.06.05"]
[Round "9"]
[White "Dong, Khanh Linh"]
[Black "Sviridova, Vlada"]
[Result "1-0"]
[WhiteTitle "WCM"]
[BlackTitle "WFM"]
[WhiteElo "1970"]
[BlackElo "2144"]
[WhiteFideId "12403040"]
[BlackFideId "24109606"]
[EventDate "2021.06.05"]

1. e4 e6 2. d4 d5 3. e5 c5 4. c3 Qb6 5. Nf3 Nc6 6. Be2 Bd7 7. O-O cxd4 8. cxd4
Nge7 9. Nc3 Nf5 10. Na4 Qa5 11. b3 a6 12. Bb2 b5 13. Nc5 Bxc5 14. dxc5 b4 15.
Bd3 Qxc5 16. Bxf5 exf5 17. Rc1 Qb5 18. e6 Bxe6 19. Bxg7 Rg8 20. Nd4 Nxd4 21.
Qxd4 Rb8 22. Rc5 Qb6 23. Rfc1 Rd8 24. Qf6 Qd6 25. Rc7 d4 26. R1c6 Rxg7 27. Rxd6
Rxd6 28. Qe7# 1-0

[Event "Women's Speed Chess Q6"]
[Site "chess.com INT"]
[Date "2021.06.05"]
[Round "9"]
[White "Selkirk, Rebecca"]
[Black "Ribeiro, Regina"]
[Result "1-0"]
[WhiteTitle "WCM"]
[BlackTitle "WIM"]
[WhiteElo "1799"]
[BlackElo "1920"]
[WhiteFideId "14306514"]
[BlackFideId "2100681"]
[EventDate "2021.06.05"]

1. e4 c6 2. d4 d5 3. exd5 cxd5 4. c4 Nf6 5. Nc3 e6 6. Nf3 Be7 7. Bd3 O-O 8. O-O
dxc4 9. Bxc4 a6 10. Bg5 b6 11. Rc1 Bb7 12. Re1 Nbd7 13. Bd3 Rc8 14. Bb1 h6 15.
Bh4 b5 16. a3 Re8 17. Qd3 Nf8 18. Ne5 Nd5 19. Nxd5 Qxd5 20. Nf3 Rxc1 21. Rxc1
Rc8 22. Rxc8 Bxc8 23. Bxe7 Ng6 24. Ne5 Bb7 25. f3 Nxe7 26. Qh7+ Kf8 27. Qh8+ Ng8
28. Bh7 Qxd4+ 29. Kf1 1-0

[Event "Women's Speed Chess Q6"]
[Site "chess.com INT"]
[Date "2021.06.05"]
[Round "9"]
[White "Ziegenfuss, Antonia"]
[Black "Vine, Elzbieta"]
[Result "1-0"]
[WhiteTitle "WFM"]
[BlackTitle "WFM"]
[WhiteElo "2157"]
[BlackElo "2138"]
[WhiteFideId "12962554"]
[BlackFideId "1119320"]
[EventDate "2021.06.05"]

1. d4 d5 2. c4 c6 3. Nc3 Nf6 4. cxd5 cxd5 5. f3 Bf5 6. g4 Bxg4 7. fxg4 Nxg4 8.
e4 h5 9. Bb5+ Nc6 10. exd5 e6 11. Nf3 exd5 12. Qe2+ Be7 13. h3 Qc7 14. hxg4 Qg3+
15. Qf2 Qxg4 16. Ne5 Qe6 17. Be3 O-O-O 18. Bxc6 bxc6 19. O-O-O h4 20. Kb1 Kb7
21. Qc2 h3 22. Rde1 g5 23. Na4 Qf6 24. Rhf1 Qh6 25. Nxf7 Qh4 26. Nxd8+ Bxd8 27.
Nc5+ Kc8 28. Qf5+ Kc7 29. Qd7+ Kb6 30. Qb7+ Ka5 31. b4# 1-0

[Event "Women's Speed Chess Q6"]
[Site "chess.com INT"]
[Date "2021.06.05"]
[Round "9"]
[White "Morris-Suzuki, Sophie"]
[Black "Mohota, Nisha"]
[Result "1-0"]
[WhiteTitle "WFM"]
[BlackTitle "IM"]
[WhiteElo "2043"]
[BlackElo "2195"]
[WhiteFideId "30922615"]
[BlackFideId "5004330"]
[EventDate "2021.06.05"]

1. e4 Nf6 2. e5 Nd5 3. c4 Nb6 4. c5 Nd5 5. Nc3 c6 6. Bc4 d6 7. Nxd5 cxd5 8. Bb5+
Nc6 9. cxd6 exd6 10. Nf3 Be7 11. exd6 Qxd6 12. O-O O-O 13. d4 Bg4 14. Be3 Qb4
15. Bxc6 bxc6 16. b3 Bf6 17. Rc1 Rac8 18. h3 Bxf3 19. Qxf3 Rfe8 20. Rfd1 Re4 21.
Qf5 Qb7 22. Rc5 Rce8 23. Qf3 R8e6 24. Qg3 g6 25. Qf3 Kg7 26. g3 h5 27. h4 Rg4
28. Kh2 Qe7 29. Rdc1 Qd7 30. b4 Kg8 31. b5 cxb5 32. Rxd5 1-0

[Event "Women's Speed Chess Q6"]
[Site "chess.com INT"]
[Date "2021.06.05"]
[Round "9"]
[White "Socko, Monika"]
[Black "Mammadova, Gulnar"]
[Result "1/2-1/2"]
[WhiteTitle "GM"]
[BlackTitle "IM"]
[WhiteElo "2393"]
[BlackElo "2382"]
[WhiteFideId "1106619"]
[BlackFideId "13403508"]
[EventDate "2021.06.05"]

1. d4 e6 2. Nf3 b6 3. g3 Bb7 4. Bg2 Nf6 5. O-O Be7 6. c4 O-O 7. Nc3 Ne4 8. Qc2
Nxc3 9. Qxc3 f5 10. b3 Bf6 11. Bb2 d6 12. Rad1 Nd7 13. Qd2 Qe7 14. Qc2 Be4 15.
Qd2 a5 16. Ne1 Bxg2 17. Nxg2 e5 18. dxe5 Bxe5 19. Bxe5 Qxe5 20. Nf4 Nf6 21. Nd5
Nxd5 22. cxd5 Rae8 23. e3 Re7 24. Qd4 Qe4 25. Rd2 Qf3 26. Rc1 h6 27. Qf4 Qh5 28.
Rdc2 Re4 29. g4 Qg6 30. Qf3 Rxg4+ 31. Kh1 Rf7 32. h3 Rg5 33. Rxc7 Rxc7 34. Rxc7
Rg1+ 35. Kh2 Ra1 36. Qg3 Qxg3+ 37. Kxg3 Rxa2 38. Rc6 b5 39. Rxd6 Rb2 40. Ra6
Rxb3 41. Rxa5 g5 42. h4 Kf7 43. hxg5 hxg5 44. Ra6 Rd3 45. d6 b4 46. Ra5 Ke6 47.
Rb5 b3 48. Kf3 Rxd6 49. Rxb3 Ra6 1/2-1/2

[Event "Women's Speed Chess Q6"]
[Site "chess.com INT"]
[Date "2021.06.05"]
[Round "9"]
[White "Smietanska, Wiktoria"]
[Black "Varney, Zoe"]
[Result "1-0"]
[WhiteTitle "CM"]
[BlackTitle "WCM"]
[WhiteElo "1802"]
[BlackElo "1917"]
[WhiteFideId "21869359"]
[BlackFideId "436135"]
[EventDate "2021.06.05"]

1. c4 c6 2. Nf3 d5 3. e3 Nf6 4. Nc3 e6 5. b3 Nbd7 6. Bb2 Bd6 7. Be2 O-O 8. O-O
e5 9. cxd5 cxd5 10. Nb5 Bb8 11. Ba3 e4 12. Nfd4 Re8 13. Nd6 Re5 14. Rc1 Bxd6 15.
Bxd6 Rg5 16. h4 Rg6 17. Nf5 Kh8 18. Bc7 Qe8 19. Nd6 Qe6 20. Bh5 Nxh5 21. Qxh5
Nf6 22. Qe5 Rxg2+ 23. Kxg2 Qh3+ 24. Kg1 Bg4 25. Qg3 Qxg3+ 26. fxg3 Bf3 27. Nxf7+
Kg8 28. Ne5 Bh5 29. Bd6 Rd8 30. Be7 Re8 31. Bxf6 gxf6 32. Nd7 Kg7 33. Nxf6 1-0

[Event "Women's Speed Chess Q6"]
[Site "chess.com INT"]
[Date "2021.06.05"]
[Round "9"]
[White "Singgih, Diajeng Theresa"]
[Black "Kabanova, Ekaterina"]
[Result "0-1"]
[WhiteTitle "WFM"]
[BlackTitle "WFM"]
[WhiteElo "1972"]
[BlackElo "2138"]
[WhiteFideId "7104391"]
[BlackFideId "24112917"]
[EventDate "2021.06.05"]

1. e4 c5 2. Nf3 e6 3. c3 a6 4. d4 b5 5. Be2 Qc7 6. O-O Bb7 7. d5 Nf6 8. dxe6
dxe6 9. Bg5 Nxe4 10. Bh4 Bd6 11. Bg3 Nxg3 12. hxg3 O-O 13. Nbd2 Nd7 14. Bd3 Nf6
15. Bc2 Rfd8 16. Qe2 Rd7 17. Ng5 h6 18. Ngf3 Rad8 19. Ne4 Nxe4 20. Bxe4 c4 21.
Rad1 Bc5 22. Rxd7 Rxd7 23. Bxb7 Qxb7 24. Ne5 Rd5 25. Re1 Qc7 26. Ng4 Qxg3 27.
Kf1 Qh4 28. Kg1 Bd6 29. Qf3 h5 30. Ne3 Qh2+ 31. Kf1 Rd2 32. g3 h4 33. Qa8+ Bf8
34. Ng4 Qh3+ 35. Kg1 Qxg4 0-1

[Event "Women's Speed Chess Q6"]
[Site "chess.com INT"]
[Date "2021.06.05"]
[Round "9"]
[White "Tokhirjonova, Gulrukhbegim"]
[Black "Dauletova, Gulmira"]
[Result "1-0"]
[WhiteTitle "WGM"]
[BlackTitle "WGM"]
[WhiteElo "2344"]
[BlackElo "2257"]
[WhiteFideId "14203626"]
[BlackFideId "13702971"]
[EventDate "2021.06.05"]

1. e4 e5 2. Nf3 Nc6 3. Bb5 a6 4. Ba4 Nf6 5. O-O Be7 6. Re1 b5 7. Bb3 d6 8. c3
O-O 9. d4 Bg4 10. Be3 Na5 11. dxe5 Bxf3 12. Qxf3 dxe5 13. Bc2 Nc4 14. Bc1 c6 15.
b3 Nd6 16. Nd2 Qc7 17. Nf1 c5 18. h3 c4 19. Qg3 Nb7 20. Ne3 g6 21. bxc4 bxc4 22.
Rb1 Rab8 23. Nf5 Bc5 24. Bh6 Rfe8 25. Ba4 Red8 26. Qg5 Nh5 27. Ne3 Bxe3 28. Qxe3
Nc5 29. Bc2 Nd3 30. Bxd3 Rxd3 31. Rxb8+ Qxb8 32. Qc5 Rxc3 33. Rd1 Rd3 34. Rc1 c3
35. Rxc3 Rxc3 36. Qxc3 Nf4 37. Kh2 Ne6 38. Qc6 a5 39. a4 Nd4 40. Qd5 Ne6 41.
Qxa5 Nd4 42. Qd5 Ne6 43. a5 Nd4 44. a6 Nb5 45. Qb7 Qe8 46. a7 Nxa7 47. Qxa7 Qd8
48. Qc5 Qe8 49. Qd5 1-0

[Event "Women's Speed Chess Q6"]
[Site "chess.com INT"]
[Date "2021.06.05"]
[Round "9"]
[White "Zakirova, Aisha"]
[Black "Frayna, Janelle Mae"]
[Result "0-1"]
[WhiteTitle "WCM"]
[BlackTitle "WGM"]
[WhiteElo "1585"]
[BlackElo "2179"]
[WhiteFideId "13719734"]
[BlackFideId "5212499"]
[EventDate "2021.06.05"]

1. d4 Nf6 2. c4 g6 3. Nc3 d5 4. Bg5 Bg7 5. Bxf6 Bxf6 6. Nxd5 Bg7 7. e3 c5 8. Nf3
Nc6 9. Be2 e6 10. Nc3 cxd4 11. exd4 Nxd4 12. O-O O-O 13. Nxd4 Bxd4 14. Bf3 Bxc3
15. bxc3 Qc7 16. Qb3 Rb8 17. Rfd1 b6 18. Qb5 Bb7 19. Bxb7 Rxb7 20. h4 Rc8 21. h5
Qxc4 22. Qe5 Qc5 23. Qf6 Qxh5 24. Rd3 Qf5 25. Qd4 e5 26. Qd5 Rbc7 27. Rc1 Kg7
28. Re3 Rc5 29. Qd6 R8c6 30. Qd2 Qf6 31. Rf3 Qe6 32. Qg5 e4 33. Qe3 exf3 34.
Qd4+ Qf6 35. Qxf6+ Kxf6 0-1

[Event "Women's Speed Chess Q6"]
[Site "chess.com INT"]
[Date "2021.06.05"]
[Round "9"]
[White "Balabayeva, Xeniya"]
[Black "Nemcova, Katerina"]
[Result "0-1"]
[WhiteTitle "WFM"]
[BlackTitle "WGM"]
[WhiteElo "2116"]
[BlackElo "2331"]
[WhiteFideId "13719688"]
[BlackFideId "322750"]
[EventDate "2021.06.05"]

1. e4 c5 2. Nf3 g6 3. g3 Bg7 4. Bg2 Nc6 5. O-O e5 6. Nc3 d6 7. d3 Nge7 8. Bg5
O-O 9. Qd2 Be6 10. Rae1 Qd7 11. Bh6 f6 12. Bxg7 Kxg7 13. Nh4 d5 14. exd5 Nxd5
15. f4 Nxc3 16. bxc3 exf4 17. gxf4 Bf7 18. Qf2 Qd6 19. Qg3 Kh8 20. Qh3 Rae8 21.
Be4 Kg7 22. Qg2 Kh8 23. Qh3 Kg7 24. Re3 f5 25. Bxf5 Rxe3 26. Qxe3 Qf6 27. Qg3
Kh8 28. Be4 Qxc3 29. f5 Qd4+ 30. Kh1 Bd5 31. Rf4 gxf5 32. Nxf5 Qe5 33. Qh4 Bxe4+
34. dxe4 Nd4 0-1

[Event "Women's Speed Chess Q6"]
[Site "chess.com INT"]
[Date "2021.06.05"]
[Round "9"]
[White "Kubicka, Anna"]
[Black "Kotepalli, Sai Nirupama"]
[Result "0-1"]
[WhiteTitle "WIM"]
[BlackTitle "WFM"]
[WhiteElo "2210"]
[BlackElo "1914"]
[WhiteFideId "1152254"]
[BlackFideId "5039444"]
[EventDate "2021.06.05"]

1. e4 c5 2. Ne2 e6 3. g3 Nc6 4. Bg2 Nf6 5. O-O d5 6. exd5 exd5 7. d4 cxd4 8.
Nxd4 Be7 9. Re1 O-O 10. Nc3 h6 11. Bf4 Bg4 12. Qd2 Qd7 13. Re3 Bc5 14. Be5 Nxe5
15. Rxe5 Rfe8 16. Rae1 Rxe5 17. Rxe5 Re8 18. Rxe8+ Qxe8 19. h3 Bh5 20. Nxd5 Nxd5
21. Bxd5 Qe5 22. Nb3 Qxg3+ 23. Bg2 Bb6 24. Nd4 Qd6 25. c3 Qg6 26. Qc2 Bxd4 27.
Qxg6 Bxg6 28. cxd4 b6 29. Bc6 Kf8 30. Kg2 Ke7 31. Kf3 Kd6 32. Bb7 Bf5 33. a3
Bxh3 34. Kf4 Be6 35. Ke4 g5 36. f4 f5+ 37. Ke3 g4 38. Kf2 Bd5 39. Bc8 Be4 40.
Ke3 h5 41. Ba6 h4 42. Bc8 h3 0-1

[Event "Women's Speed Chess Q6"]
[Site "chess.com INT"]
[Date "2021.06.05"]
[Round "9"]
[White "Mendoza, Shania Mae"]
[Black "Steil-Antoni, Fiona"]
[Result "1-0"]
[WhiteTitle "WFM"]
[BlackTitle "WIM"]
[WhiteElo "2158"]
[BlackElo "2129"]
[WhiteFideId "5211158"]
[BlackFideId "4001249"]
[EventDate "2021.06.05"]

1. e4 e5 2. Nf3 Nc6 3. Bc4 Bc5 4. O-O Nf6 5. d3 d6 6. h3 h6 7. c3 a6 8. Re1 O-O
9. Bb3 Be6 10. Nbd2 Ba7 11. Nf1 Nh5 12. Bc2 Nf4 13. d4 Bd7 14. Ng3 Qf6 15. Be3
Rad8 16. d5 Bxe3 17. fxe3 Nxh3+ 18. gxh3 Bxh3 19. dxc6 bxc6 20. Qe2 Qg6 21. Qf2
h5 22. Nh4 Qg4 23. Nf5 h4 24. Kh2 hxg3+ 25. Qxg3 Qxg3+ 26. Kxg3 Bxf5 27. exf5 f6
28. e4 d5 29. Rad1 Rd7 30. Rd2 Rfd8 31. Red1 d4 32. Bb3+ Kf8 33. cxd4 exd4 34.
Bc4 a5 35. Kf4 c5 36. a3 Rb8 37. e5 fxe5+ 38. Kxe5 Re7+ 39. Kd5 Rd8+ 40. Kxc5
Re5+ 41. Kc6 Rxf5 42. Rxd4 Re8 43. R1d2 g5 44. Rd8 Rxd8 45. Rxd8+ Kg7 46. Rd2
Kh6 47. Rg2 Rf4 48. Be6 Kg6 49. Kxc7 Kf6 50. Bd7 1-0

[Event "Women's Speed Chess Q6"]
[Site "chess.com INT"]
[Date "2021.06.05"]
[Round "9"]
[White "Purtseladze, Maka"]
[Black "Babiy, Olga"]
[Result "1-0"]
[WhiteTitle "IM"]
[BlackTitle "WGM"]
[WhiteElo "2274"]
[BlackElo "2280"]
[WhiteFideId "13602659"]
[BlackFideId "14117258"]
[EventDate "2021.06.05"]

1. b3 e5 2. Bb2 Nc6 3. e3 Nf6 4. Nf3 Bd6 5. d4 exd4 6. exd4 O-O 7. Be2 Bb4+ 8.
c3 Be7 9. d5 Nb8 10. c4 Bb4+ 11. Nbd2 Ne4 12. a3 Bc3 13. Qc2 Bxb2 14. Qxb2 Nxd2
15. Qxd2 d6 16. O-O Nd7 17. Bd3 Nc5 18. Bc2 Bg4 19. Qf4 Bxf3 20. Qxf3 Qg5 21.
Qc3 Rfe8 22. Rae1 h6 23. b4 Nd7 24. f4 Qf6 25. Qxf6 Nxf6 26. Kf2 b5 27. cxb5
Ng4+ 28. Kg1 Ne3 29. Rf2 Nxd5 30. Rc1 Re3 31. Rf3 Rae8 32. Bb3 Rxf3 33. gxf3
Nxf4 34. Rxc7 Re3 35. Bxf7+ Kh7 36. Rxa7 Rxf3 37. b6 Ne2+ 38. Kg2 Rf6 39. Bc4
Rf8 40. Bxe2 1-0

[Event "Women's Speed Chess Q6"]
[Site "chess.com INT"]
[Date "2021.06.05"]
[Round "9"]
[White "Gevorgyan, Maria"]
[Black "Petrova, Irina"]
[Result "0-1"]
[WhiteTitle "WGM"]
[BlackTitle "WIM"]
[WhiteElo "2219"]
[BlackElo "2110"]
[WhiteFideId "13300270"]
[BlackFideId "14124122"]
[EventDate "2021.06.05"]

1. e4 d6 2. d4 Nf6 3. Nc3 e5 4. Bg5 Nbd7 5. Bc4 Be7 6. Nge2 O-O 7. O-O h6 8. Be3
c6 9. h3 b5 10. dxe5 dxe5 11. Bd3 Nc5 12. a3 Bb7 13. Ng3 a5 14. Kh2 b4 15. Nce2
Nxd3 16. cxd3 c5 17. Nf5 Re8 18. Neg3 Bf8 19. Qf3 Kh7 20. Rfd1 g6 21. Nh4 Rc8
22. axb4 axb4 23. Ra7 Rc7 24. Ne2 Re6 25. Nc1 Ra6 26. Rxa6 Bxa6 27. Nb3 Bc8 28.
Rc1 Ng4+ 29. hxg4 Qxh4+ 30. Qh3 Qxg4 31. Qxg4 Bxg4 32. Bxc5 Bxc5 33. Rxc5 Rxc5
34. Nxc5 Be2 35. Kg3 Kg7 36. f3 Kf6 37. b3 Ke7 38. Kf2 Bd1 39. Ke1 Kd6 40. Nb7+
Kc7 41. Nc5 Kd6 42. Nb7+ Kc7 43. Kxd1 Kxb7 44. Kd2 Kc6 45. Ke3 Kc5 46. Ke2 Kd4
47. Kd2 f5 48. exf5 gxf5 49. g4 f4 0-1

[Event "Women's Speed Chess Q6"]
[Site "chess.com INT"]
[Date "2021.06.05"]
[Round "9"]
[White "Golubeva, Oksana"]
[Black "Obregon Garcia, Roxangel"]
[Result "1-0"]
[WhiteTitle "WFM"]
[BlackTitle "WIM"]
[WhiteElo "2179"]
[BlackElo "2167"]
[WhiteFideId "4170164"]
[BlackFideId "3520420"]
[EventDate "2021.06.05"]

1. Nf3 d5 2. e3 Nf6 3. c4 c6 4. Nc3 e6 5. Qc2 Bd6 6. g4 Nxg4 7. b3 Nd7 8. Bb2
Nf8 9. O-O-O Nxf2 10. Rg1 Nxd1 11. Nxd1 Ng6 12. Bxg7 Rg8 13. Qb2 Qe7 14. Kb1 Bd7
15. Bf6 Qf8 16. h4 h5 17. Be2 Be7 18. Bd4 c5 19. Bc3 O-O-O 20. Rf1 dxc4 21. Bxc4
Bc6 22. Ne5 Nxe5 23. Bxe5 Bd5 24. Bb5 Bd6 25. Bf6 Be7 26. Be5 f6 27. Qa3 Bd6 28.
Bxf6 a6 29. Bd3 Be7 30. Bc3 Qe8 31. Qa5 Qc6 32. Rf7 Rde8 33. Nb2 Bd6 34. Nc4
Bxc4 35. bxc4 Rgf8 36. Rh7 Re7 37. Rxh5 Rf2 38. Kc2 Rf8 39. Rg5 e5 40. Bf5+ Kb8
41. e4 Rc7 42. h5 1-0

[Event "Women's Speed Chess Q6"]
[Site "chess.com INT"]
[Date "2021.06.05"]
[Round "9"]
[White "Cori T., Deysi"]
[Black "Belenkaya, Dina"]
[Result "1-0"]
[WhiteTitle "WGM"]
[BlackTitle "WGM"]
[WhiteElo "2388"]
[BlackElo "2341"]
[WhiteFideId "3801934"]
[BlackFideId "24142654"]
[EventDate "2021.06.05"]

1. d4 d5 2. Nf3 Nf6 3. c4 dxc4 4. e3 e6 5. Bxc4 a6 6. O-O c5 7. Bd3 b5 8. a4 c4
9. Bc2 Bb7 10. b3 Nbd7 11. Qe2 cxb3 12. Bxb3 Bd6 13. Ba3 b4 14. Bb2 O-O 15. Nbd2
Ne4 16. Rfc1 Nxd2 17. Nxd2 Qg5 18. f4 Qh4 19. Qf2 Qh6 20. Nc4 Bc7 21. Ne5 Bxe5
22. dxe5 Rac8 23. Bd4 Qg6 24. Bd1 Qd3 25. Be2 Qd2 26. Rd1 Qc2 27. Qf1 a5 28. Bd3
Qc6 29. Rac1 Qd5 30. Bb5 Rxc1 31. Rxc1 Rc8 32. Rxc8+ Bxc8 33. Be2 b3 34. Qc1 Qb7
35. Bf3 Qb8 36. Qb2 Ba6 37. Bc6 Nf8 38. Bb5 Bxb5 39. Qxb3 Ng6 40. Qxb5 Qxb5 41.
axb5 Ne7 42. Bc5 Nc8 43. b6 a4 44. b7 a3 45. bxc8=Q# 1-0

[Event "Women's Speed Chess Q6"]
[Site "chess.com INT"]
[Date "2021.06.05"]
[Round "9"]
[White "Szente Varga, Fruzsina"]
[Black "Padmini, Rout"]
[Result "0-1"]
[WhiteTitle "WFM"]
[BlackTitle "IM"]
[WhiteElo "2100"]
[BlackElo "2370"]
[WhiteFideId "712264"]
[BlackFideId "5029295"]
[EventDate "2021.06.05"]

1. e4 c5 2. Nf3 e6 3. b3 b6 4. Bb2 Bb7 5. Nc3 Nf6 6. e5 Nd5 7. Nxd5 Bxd5 8. Be2
Be7 9. O-O O-O 10. c4 Bb7 11. d4 cxd4 12. Qxd4 Nc6 13. Qd2 d5 14. cxd5 Qxd5 15.
Qxd5 exd5 16. Rfd1 Rfd8 17. Rac1 Bc5 18. a3 a5 19. Bb5 Rac8 20. Bxc6 Bxc6 21.
Nd4 Bd7 22. h3 h5 23. Kh2 Kh7 24. f4 Kg6 25. Rf1 Bf5 26. Rg1 Be4 27. g4 h4 28.
f5+ Kh7 29. Rge1 Re8 30. Nb5 Bf2 31. Re2 Bg3+ 32. Kg1 Bd3 33. Rxc8 Rxc8 34. Rd2
Bxb5 35. Rxd5 Be2 36. e6 fxe6 37. fxe6 Bf3 38. Rd7 Rc2 39. Rxg7+ Kh6 40. g5+ Kh5
41. Rf7 Bd5 42. Bh8 Bxe6 43. Rh7+ Kg6 44. Rg7+ Kf5 45. Rb7 Bd5 0-1

[Event "Women's Speed Chess Q6"]
[Site "chess.com INT"]
[Date "2021.06.05"]
[Round "9"]
[White "Agrest, Inna"]
[Black "Mkrtchian, Lilit"]
[Result "1-0"]
[WhiteTitle "WIM"]
[BlackTitle "IM"]
[WhiteElo "2285"]
[BlackElo "2388"]
[WhiteFideId "1708830"]
[BlackFideId "13300601"]
[EventDate "2021.06.05"]

1. e4 e6 2. d4 d5 3. Nc3 Nf6 4. Bg5 Be7 5. e5 Nfd7 6. h4 h6 7. Qh5 a6 8. O-O-O
Nb6 9. Nh3 Nc6 10. f4 g6 11. Bxe7 Nxe7 12. Qg4 h5 13. Qf3 Nf5 14. Ng5 Qe7 15. g4
hxg4 16. Qxg4 Ne3 17. Qf3 Nxd1 18. Qxd1 Bd7 19. Bd3 c5 20. dxc5 Qxc5 21. Qf3 Qc7
22. Qg3 Bc6 23. Nxf7 Rg8 24. Nd6+ Kd7 25. Bxg6 Nc8 26. f5 Nxd6 27. fxe6+ Kxe6
28. exd6 Qg7 29. Re1+ Kd7 30. Re7+ Qxe7 31. dxe7 Kxe7 32. Qe5+ Kd7 33. Bf5+ Kd8
34. Qd6+ Ke8 35. Bg6+ Rxg6 36. Qxg6+ Kd7 37. Qf7+ Kd6 38. Qf6+ Kc5 39. Qe7+ Kb6
40. h5 Rg8 41. b3 Rg1+ 42. Kb2 Rg2 43. h6 d4 44. Na4+ Ka7 45. Qc5+ Kb8 46. Qxd4
Rh2 47. Qd6+ Ka7 48. Qxh2 1-0

[Event "Women's Speed Chess Q6"]
[Site "chess.com INT"]
[Date "2021.06.05"]
[Round "9"]
[White "Kashlinskaya, Alina"]
[Black "Batsiashvili, Nino"]
[Result "0-1"]
[WhiteTitle "IM"]
[BlackTitle "GM"]
[WhiteElo "2494"]
[BlackElo "2491"]
[WhiteFideId "4198026"]
[BlackFideId "13602993"]
[EventDate "2021.06.05"]

1. d4 f5 2. c4 Nf6 3. Nc3 g6 4. h4 Bg7 5. h5 Nxh5 6. e4 Nf6 7. Bd3 d6 8. Nf3 Nc6
9. Bh6 Bxh6 10. Rxh6 Ng4 11. Rh1 e5 12. Qe2 f4 13. O-O-O Nxd4 14. Nxd4 exd4 15.
Nd5 O-O 16. g3 f3 17. Qd2 c6 18. Nf4 Qg5 19. Rh4 Rf7 20. Rdh1 Bd7 21. e5 dxe5
22. Nxg6 Qxd2+ 23. Kxd2 Nxf2 24. Nxe5 Rg7 25. Bxh7+ Kf8 26. Rf4+ Ke7 27. Re1 Kd6
28. Rxf3 Ng4 29. Nf7+ Kc7 30. Re7 Re8 31. Rxd7+ Kxd7 32. Bf5+ Kc7 33. Bxg4 Rxg4
34. Nh6 Rg6 35. Nf5 Rge6 36. g4 Re2+ 37. Kd3 Rxb2 38. g5 Rxa2 39. Kxd4 Rg2 40.
Rh3 Rxg5 41. Rh7+ Kb6 42. Nd6 Rd8 43. Rxb7+ Ka6 44. c5 Rxd6+ 45. cxd6 Kxb7 0-1

[Event "Women's Speed Chess Q6"]
[Site "chess.com INT"]
[Date "2021.06.05"]
[Round "9"]
[White "Nurmanova, Alua"]
[Black "Linares Napoles, Oleiny"]
[Result "1-0"]
[WhiteTitle "WFM"]
[BlackTitle "WGM"]
[WhiteElo "2093"]
[BlackElo "2255"]
[WhiteFideId "13729390"]
[BlackFideId "3504794"]
[EventDate "2021.06.05"]

1. e4 d6 2. d4 g6 3. Nc3 Bg7 4. g3 Nf6 5. Bg2 O-O 6. Nge2 c6 7. a4 Na6 8. O-O e5
9. h3 exd4 10. Nxd4 Re8 11. Re1 Nb4 12. Bg5 h6 13. Bf4 d5 14. e5 Nd7 15. e6 Nf8
16. exf7+ Kxf7 17. Qd2 g5 18. Rxe8 Qxe8 19. Re1 Qd8 20. Be5 Bxe5 21. Rxe5 Ng6
22. Re1 a5 23. Nd1 Bd7 24. c3 Na6 25. c4 dxc4 26. Qc2 Qf6 27. Qxc4+ Kg7 28. Nc3
Re8 29. Ne4 Qf8 30. Qc3 Kh7 31. Nc2 Re6 32. Rd1 Be8 33. Nd4 Re7 34. Nd6 Ne5 35.
Nxe8 Qxe8 36. Be4+ Ng6 37. Nf5 Rf7 38. Nd6 Qd7 39. Bxg6+ Kxg6 40. Qc2+ Kg7 41.
Nxf7 Qxf7 42. Qc3+ Kg6 43. Qxa5 h5 44. Rd6+ Kg7 45. Qd2 Nc5 46. Qxg5+ Kf8 47.
Qxc5 Ke8 48. Qe5+ Kf8 49. Rd8+ 1-0

[Event "Women's Speed Chess Q6"]
[Site "chess.com INT"]
[Date "2021.06.05"]
[Round "9"]
[White "Kairbekova, Amina"]
[Black "Grineva, Marianna"]
[Result "1-0"]
[WhiteTitle "WFM"]
[BlackTitle "WFM"]
[WhiteElo "2132"]
[BlackElo "2029"]
[WhiteFideId "13712799"]
[BlackFideId "14102013"]
[EventDate "2021.06.05"]

1. e4 c5 2. Nf3 d6 3. d4 cxd4 4. Nxd4 Nf6 5. Nc3 g6 6. Be3 Bg7 7. f3 Nc6 8. Qd2
Bd7 9. O-O-O Ne5 10. Kb1 Rc8 11. g4 a6 12. h4 b5 13. h5 b4 14. Nd5 Nxd5 15. exd5
Nc4 16. Bxc4 Rxc4 17. h6 Be5 18. f4 Bxd4 19. Bxd4 f6 20. g5 Kf7 21. b3 Rc7 22.
gxf6 exf6 23. Qxb4 Bf5 24. Rh2 Qd7 25. Kb2 Rhc8 26. c4 Rb7 27. Qc3 a5 28. Bxf6
a4 29. Re2 Re8 30. Rxe8 Qxe8 31. Re1 Qf8 32. Bd8 Kg8 33. Qf6 Rf7 34. Qg5 axb3
35. axb3 Bd7 36. Be7 Qa8 37. Bf6 Qf8 38. Bg7 Qb8 39. Re7 Bf5 40. Rxf7 Kxf7 41.
Qf6+ Kg8 42. Qe7 Qc8 43. Kc3 Bg4 44. Qxd6 Qe8 45. Qe5 Qf7 46. Kd4 Qb7 47. Qe8# 1-0

[Event "Women's Speed Chess Q6"]
[Site "chess.com INT"]
[Date "2021.06.05"]
[Round "9"]
[White "Buksa, Nataliya"]
[Black "Pourkashiyan, Atousa"]
[Result "0-1"]
[WhiteTitle "IM"]
[BlackTitle "WGM"]
[WhiteElo "2413"]
[BlackElo "2322"]
[WhiteFideId "14123622"]
[BlackFideId "12502014"]
[EventDate "2021.06.05"]

1. e4 c5 2. b3 e5 3. Bb2 Nc6 4. Nc3 Nf6 5. Bc4 d6 6. Nge2 Be7 7. O-O O-O 8. d3
a6 9. a4 Nd4 10. f4 Be6 11. f5 Bxc4 12. bxc4 Rb8 13. Bc1 b5 14. axb5 axb5 15.
Nxd4 cxd4 16. Nxb5 Ra8 17. Bg5 Qb6 18. Qd2 Rfb8 19. h3 Qd8 20. Kh1 Nxe4 21. dxe4
Bxg5 22. Qd3 Bf6 23. c3 dxc3 24. Nxc3 h6 25. Nd5 Rxa1 26. Rxa1 Ra8 27. Nxf6+
gxf6 28. Rxa8 Qxa8 29. Kh2 Qc6 30. Kg3 Kf8 31. Kh4 Qc5 32. g3 Kg7 33. Kh5 Qf2
34. Kg4 Qe1 35. Kh4 Qf2 36. Qxd6 Qe3 37. g4 Qg5+ 38. Kg3 Qf4+ 39. Kg2 Qxe4+ 40.
Kg3 Qxc4 41. Qd2 Qb3+ 42. Kh4 Qf3 43. Qh2 e4 44. Kh5 e3 45. h4 e2 46. Qg1 Qe4
47. Qe1 Qe3 48. Qb1 e1=Q 49. Qc2 Q1e2 50. Qb1 Q2d2 51. Qf1 Qg5+ 52. hxg5 Qxg5# 0-1